| Tag |
First Indicator |
Second Indicator |
Subfields |
| LEADER |
00000cam a2200000 a 4500 |
| 001 |
in00000014803 |
| 005 |
20151007052906.0 |
| 008 |
850916s1984 enka b 10100 eng |
| 010 |
|
|
|a 85205179
|
| 020 |
|
|
|a 063201203X
|
| 035 |
|
|
|a (OCoLC)12907097
|
| 035 |
|
|
|9 AAA9601AM
|
| 040 |
|
|
|a DLC
|c DLC
|d m/c
|d TXA
|d UtOrBLW
|
| 043 |
|
|
|a ln-----
|
| 049 |
|
|
|a TXAM
|c [A12609524]
|
| 050 |
0 |
0 |
|a QE654
|b .V37 1984
|
| 082 |
0 |
|
|a 551.7/2/094
|2 19
|
| 245 |
0 |
0 |
|a Variscan tectonics of the North Atlantic region /
|c edited by D.H.W. Hutton, D.J. Sanderson.
|
| 264 |
|
1 |
|a Oxford [Oxfordshire] ;
|a Boston :
|b Published for the Geological Society by Blackwell Scientific Publications :
|b Palo Alto, Calif. :
|c 1984.
|
| 264 |
|
2 |
|a Boston :
|b Distributor USA and Canada, Blackwell Scientific Publications,
|
| 300 |
|
|
|a ix, 270 pages :
|b illustrations ;
|c 26 cm.
|
| 336 |
|
|
|a text
|b txt
|2 rdacontent
|
| 337 |
|
|
|a unmediated
|b n
|2 rdamedia
|
| 338 |
|
|
|a volume
|b nc
|2 rdacarrier
|
| 490 |
1 |
|
|a Geological Society special publication,
|x 0305-8719 ;
|v no. 14
|
| 504 |
|
|
|a Includes bibliographies and index.
|
| 650 |
|
0 |
|a Geology, Stratigraphic
|y Paleozoic
|v Congresses.
|
| 650 |
|
0 |
|a Geology
|z North Atlantic Ocean Region
|x Congresses.
|
| 650 |
|
0 |
|a Geology, Structural
|v Congresses.
|
| 700 |
1 |
|
|a Hutton, D. H. W.
|
| 700 |
1 |
|
|a Sanderson, D. J.
|
| 710 |
2 |
|
|a Geological Society of London.
|
| 830 |
|
0 |
|a Geological Society special publication ;
|v no. 14.
|
| 999 |
|
|
|a MARS
|
| 999 |
f |
f |
|s 89e4bea8-f0f1-3d40-97fd-8975d91c0089
|i 1a46d144-66b2-3538-b039-82c3e1c13da3
|t 0
|
| 952 |
f |
f |
|p ric
|a Texas A&M University
|b Rellis Campus
|c Joint Library Facility
|d Remote Storage
|t 0
|e QE654 .V37 1984
|h Library of Congress classification
|i unmediated -- volume
|m A14812609524
|
| 998 |
f |
f |
|a QE654 .V37 1984
|t 0
|l Remote Storage
|